000 01074nam a22002177a 4500
005 20240530110510.0
008 151025s2011 ua ao f 000 0dara d
017 _a2011/5983
_bمصر . دار الكتب المصرية
040 _aEG-CaGPL
082 0 4 _221
_a303.4
_bق/س ث
100 0 _aسمير الحفناوى
245 1 0 _aثورة الشباب المصرية باقلام وعيون غربية :
_bالثورة التى هزت وجدان و مشاعر العالم : دراسة تحليلية وثائقية لاهم ساسة الغرب و تعليقات الصحف الغربية عن الثورة المصرية /
_cتاليف سمير الحفناوى
250 _aط1
260 _aالقاهرة :
_bمكتبة جزيرة الورد ،
_c2011 .
300 _a360 ص :
_bصور ؛
_c24 سم .
650 0 4 _aثورة 25 يناير
_xنظرة الغرب
651 0 4 _aمصر
_xتاريخ
_xالثورات
651 0 4 _aمصر
_xتاريخ
_yالعصر الحديث
_xثورة 25 يناير
942 _2ddc
_cBK
999 _c61646
_d61646